| 000 | 01390nam a2200349 i 4500 | ||
|---|---|---|---|
| 001 | 000016991 | ||
| 003 | DO-SdBNP | ||
| 005 | 20250513114214.0 | ||
| 007 | ta | ||
| 008 | 100312s1992 dr 000 0 spa d | ||
| 040 |
_aDO-SdBNP _bspa _cBNPHU _erda |
||
| 049 | _aBNPD | ||
| 082 | 4 |
_a370.97293 _bC153e _222 |
|
| 111 | 2 |
_aCongreso Nacional de Educación _d(1992 dic. 2-3-4 : _cSanto Domingo) _937538 |
|
| 245 | 1 | 0 |
_aCalidad de la educación : _bexposición central / _cDignora García, Rocio Hernández. |
| 246 | 1 | 4 | _aLa Calidad, la innovación y los actores en el marco del plan decenal de educación |
| 264 |
_aSanto Domingo : _bSEEBAC, _c1992. |
||
| 300 |
_a[50 páginas] ; _c28 cm. |
||
| 336 |
_2rdacontent _atexto _btxt |
||
| 337 |
_2rdamedia _asin mediación _bn |
||
| 338 |
_2rdacarrier _avolumen _bnc |
||
| 500 | _aIncluye notas al pie de páginas | ||
| 504 | _aBibliografía : p. 50 | ||
| 505 | 2 | _aActores del proceso educativo / Josefina Pimentel V. -- Innovación según las grandes carencias / Douglas Hasbún José | |
| 590 | _aInventariado, 2023/BT | ||
| 650 | 4 |
_aCalidad de la educación _zRepública Dominicana _9741 |
|
| 650 | 0 |
_aInnovaciones educativas _917115 |
|
| 700 | 1 |
_aGarcía, Dignora _935886 |
|
| 700 | 1 |
_aHernández, Rocio _937539 |
|
| 710 | 1 |
_aRepública Dominicana. _bSecretaría de Estado de Educación, Bellas Artes y Cultos _923965 |
|
| 942 |
_2ddc _cLF2 |
||
| 999 |
_c16519 _d16519 |
||